Audítorstvo zbierka

Guardado en:
Detalles Bibliográficos
Autor principal: Kareš, Ladislav
Autor Corporativo: Ekonomická univerzita v Bratislave. Fakulta hospodárskej informatiky
Otros Autores: Vašeková, Miroslava, 1978-
Formato: Libro
Lenguaje:eslovaco
Publicado: Bratislava Vydavateľstvo EKONÓM 2004
Materias:
Etiquetas: Agregar Etiqueta
Sin Etiquetas, Sea el primero en etiquetar este registro!

MARC

LEADER 00000nam$a2200000$$$4500
001 0023427
005 20240502071417.3
020 |a 80-225-1932-4 
041 0 |a slo 
044 |a SK 
245 1 0 |a Audítorstvo  |b zbierka  |c Ladislav Kareš, Miroslava Vašeková 
264 1 |a Bratislava  |b Vydavateľstvo EKONÓM  |c 2004 
300 |a 166 s. 
610 2 0 |a audítorstvo 
610 2 0 |a audit 
610 2 0 |a revízia účtovná 
610 2 0 |a účtovníctvo 
610 2 0 |a testy 
100 1 |a Kareš, Ladislav 
700 1 |a Vašeková, Miroslava, 1978- 
710 2 |a Ekonomická univerzita v Bratislave. Fakulta hospodárskej informatiky